000 00871nam a2200241 a 4500
001 000019452
005 20200929170024.0
008 100629s2005 es c 000 0 spa d
020 _a8497647386
040 _aDO-SdBNP
_bspa
_cBNPHU
082 _a920.747
_bK351P
100 1 _aPerris Villamor, Alicia
_941770
245 1 0 _aJacqueline Bouvier Kennedy Onassis /
_cAlicia Perris Villamor ; coordinador general Felipe Sen ; coordinador de colección Mar de Ventura Fernández.
260 _aMadrid :
_bPerymat,
_c2005.
300 _a191 p. :
_bretrs. ;
_c22 cm.
490 1 _aMujeres en la historia
504 _aIncluye bibliografías (p. 191)
600 1 4 _aKENNEDY, JACQUELINE BOUVIER,
_d1929-1994
_941771
700 1 _aSen, Felipe,
_ecoord.
_941707
700 1 _aVentura Fernández, Mar de,
_ecoord.
_941759
830 0 _aMujeres en la historia
_941760
049 _aBNPD
999 _c18968
_d18968